| 000 | 00637nam a2200217 u 4500 | ||
|---|---|---|---|
| 005 | 20220528063518.0 | ||
| 008 | 100617s2009 es r 000 0 spa d | ||
| 020 | _a9788466784726 | ||
| 035 | _aUPN01000176637 | ||
| 049 | _aCG | ||
| 050 | 4 |
_aPQ6663 A7.74 _bA4.3 |
|
| 100 | 1 |
_aMartín, Andreu, _d1949- _930867 |
|
| 245 | 1 | 0 |
_aAlfagann es Flanagan / _cAndreu Martín , Jaume Ribera. |
| 260 |
_aMadrid : _bAnaya, _c2009. |
||
| 300 | _a203 p. | ||
| 440 | 0 | _aEspacio Flanagan | |
| 650 | 0 |
_aLiteratura juvenil española _912359 |
|
| 650 | 4 |
_aDETECTIVES - _vLITERATURA JUVENIL _910860 |
|
| 700 | 1 |
_aRibera, Jaume, _ecoaut. |
|
| 905 | _aLibro | ||
| 999 |
_c148740 _d148740 |
||